[Event "Liberec Region-chT 2223"]
[Site "Czech Republic"]
[Date "2022.11.13"]
[Round "3.1"]
[White "Burita, Dobroslav"]
[Black "Machacek, Jan"]
[Result "1/2-1/2"]
[WhiteElo "1665"]
[BlackElo "2022"]
[PlyCount "176"]
[EventDate "2022.10.09"]
[EventType "team-tourn"]
[EventRounds "11"]
[EventCountry "CZE"]
[SourceTitle "EXT 2024"]
[Source "ChessBase"]
[SourceDate "2023.10.10"]
[SourceVersion "1"]
[SourceVersionDate "2023.10.10"]
[SourceQuality "1"]

1. e4 c5 2. c3 d6 3. Nf3 Nf6 4. d3 Bg4 5. Be2 e6 6. 0-0 Be7 7. Be3 0-0 8. Na3 Nc6 9. Nc2 a6 10. b3 b5 11. h3 Bh5 12. Nd2 Bxe2 13. Qxe2 d5 14. a4 d4 15. cxd4 cxd4 16. Bf4 Qb6 17. Nf3 Nd7 18. Bd2 Rfc8 19. Rfc1 e5 20. a5 Qd8 21. b4 Qf8 22. Qe1 Ra7 23. Rab1 Rac7 24. Kh2 Nxa5 25. Ncxd4 exd4 26. Rxc7 Rxc7 27. bxa5 Nc5 28. Nxd4 Nxd3 29. Qe2 Ne5 30. Nf5 Bf6 31. Bb4 Qe8 32. Nd6 Qe6 33. f4 Nc6 34. Ba3 b4 35. Bxb4 Nxb4 36. Rxb4 Qxd6 37. Rb8+ Bd8 38. e5 Qd4 39. Qe3 Rd7 40. Qxd4 Rxd4 41. Ra8 Rd5 42. Rxa6 Rxa5 43. Rd6 Be7 44. Rc6 Rd5 45. Rc8+ Rd8 46. Rc2 g6 47. Kg3 h5 48. Kf3 Rd3+ 49. Ke4 Rd1 50. Re2 Ra1 51. Rc2 Bf8 52. Rc6 Ra4+ 53. Kf3 Bh6 54. Rf6 Ra3+ 55. Ke2 Kg7 56. h4 Ra2+ 57. Kf3 Ra1 58. Kf2 Ra8 59. Kf3 Re8 60. Rc6 Kg8 61. g4 Bf8 62. gxh5 gxh5 63. Rf6 Be7 64. Rf5 Bxh4 65. Rxh5 Be7 66. Rh6 Ra8 67. Rc6 Ra1 68. Kg4 Bb4 69. Rc4 Bd2 70. Kf5 Kg7 71. Re4 Rf1 72. Rd4 Rf2 73. Rc4 Re2 74. Ra4 Be1 75. Ra1 Bf2 76. Ra4 Rb2 77. Rc4 Be1 78. Re4 Bb4 79. e6 Be7 80. exf7 Kxf7 81. Ra4 Rb5+ 82. Kg4 Kg6 83. Ra6+ Bf6 84. Ra4 Rb1 85. Ra5 Rg1+ 86. Kf3 Bc3 87. Rg5+ Rxg5 88. fxg5 Kxg5 1/2-1/2

[Event "Liberec Region-chT 2223"]
[Site "Czech Republic"]
[Date "2022.10.30"]
[Round "2.2"]
[White "Burita, Dobroslav"]
[Black "Matusu, Dalibor"]
[Result "0-1"]
[WhiteElo "1665"]
[BlackElo "1857"]
[PlyCount "103"]
[EventDate "2022.10.09"]
[EventType "team-tourn"]
[EventRounds "11"]
[EventCountry "CZE"]
[SourceTitle "EXT 2024"]
[Source "ChessBase"]
[SourceDate "2023.10.10"]
[SourceVersion "1"]
[SourceVersionDate "2023.10.10"]
[SourceQuality "1"]

1. e4 c5 2. c3 Nf6 3. e5 Nd5 4. d4 d6 5. Bc4 Nb6 6. Bb5+ Bd7 7. Bxd7+ Qxd7 8. exd6 Qxd6 9. Nf3 Nc6 10. dxc5 Qxc5 11. 0-0 Rd8 12. Qe2 Qc4 13. Qxc4 Nxc4 14. b3 N4e5 15. Nxe5 Nxe5 16. Na3 a6 17. Be3 e6 18. Nc2 Rd3 19. c4 Be7 20. Rfd1 0-0 21. Rxd3 Nxd3 22. Rd1 Rd8 23. Kf1 e5 24. Ke2 Nf4+ 25. Bxf4 Rxd1 26. Kxd1 exf4 27. Ke2 Kf8 28. f3 Ke8 29. Kd3 Kd7 30. Ke4 Kc6 31. h3 g5 32. Nd4+ Kc5 33. Nc2 a5 34. a3 a4 35. bxa4 Kxc4 36. h4 h6 37. hxg5 hxg5 38. a5 Kb5 39. Kd4 Kxa5 40. Kc4 Ka4 41. Nd4 Bxa3 42. Nb5 Bb4 43. Nd4 Bf8 44. Nb5 b6 45. Nc3+ Ka5 46. Ne4 Be7 47. Nc3 f5 48. Nd5 b5+ 49. Kb3 Bd6 50. Nf6 Kb6 51. Ne8 Be5 52. Kb4 0-1